000 00435nam a2200169Ia 4500
001 10231
003 IN-NITTTR
005 20251114233055.0
008 251113s9999||||xx |||||||||||||| ||eng||
040 _beng
040 _cIN-NITTTR
041 _aeng
082 _a375 H743C
100 _aHolt, Maurice
245 4 _aThe common curriculum :
_b its structure and style in the comprehensive school /
_cHolt, Maurice
942 _2ddc
_cBK
999 _c12868
_d12868